000 00485nam a2200193Ia 4500
008 240510s9999 xx 000 0 und d
020 _a0001879505592
041 _aEng
082 _a808.23
082 _bA65
100 _aARONSON,L
245 0 _aScreenwriting Updated :New (and Conventional) ways of Writing for the Screen
260 _bUSA,Silman-James Press
260 _c2000
300 _a300 p.
650 _aMotion Picture Authorship
942 _2ddc
942 _cLBK
999 _c28963
_d28963
945 _a1
_bMadushi Gamage
_c1
_dMadushi Gamage